00695 2200253 4500001002100000005001700021008004100038020002200079035002400101040001200125041000800137082001000145084001600155100001500171245007600186250001000262260004200272300003000314504002600344600001500370650002200385990001700407990001700424YOGYA-0113000000154620170111115405.0 ind  a978-979-1317-79-5 0010-011300000001546 aYOPDYOG aInd a128.5 a128.5 Ace D aACEP YONNY a84 kisah luar biasa yang inspiratif dan melejitkan motivasicACEP YONNY aCet.1 aYogyakartabCahaya Atma Pustakac2010 aX, 210 hlmc19 cm (2 eks) aBibliografi: hlm. 208 aSri Rahayu aKehidupan - kisah a029-RBM/B.12 a030-RBM/B.12